000 00383pam a2200157a 44500
008 230515b1986 xxu||||| |||| 00| 0 eng d
020 _aNULL
041 _aENGLISH
082 _a620.11 /TIM/GER
100 _aTIMOSHENKO. /GERE.
245 _aMECHANICS OF MATERIALS
250 _aND
260 _aNULL
_bCBS PUBLISHER AND DISTRIBUTORS
_c1986
300 _a762 PB
650 _aNULL
999 _c623207
_d623207